[Event "Madrid 2023-2024ch - Previa A"]
[Site "Madrid ESP"]
[Date "2024.02.20"]
[Round "7.2"]
[White "Jafar Hussain, Yaser"]
[Black "Martin Rodriguez, Emilio"]
[Result "0-1"]
[WhiteElo "1752"]
[BlackElo "1964"]
[PlyCount "60"]
[EventDate "2024.02.05"]
[EventType "swiss"]
[EventRounds "9"]
[EventCountry "ESP"]
[SourceTitle "Ajedrez en Madrid"]
[Source "lmi"]
[SourceDate "2024.02.06"]
[SourceVersion "1"]
[SourceVersionDate "2024.03.02"]
[SourceQuality "1"]

1. d4 d5 2. c4 c6 3. Nf3 Nf6 4. g3 g6 5. Bg2 Bg7 6. O-O O-O 7. b3 Ne4 8. Bb2 e6
9. Nc3 f5 10. e3 Nd7 11. Ne2 g5 12. Ne5 Nxe5 13. dxe5 Qc7 14. f3 Nc5 15. f4
dxc4 16. Qc2 gxf4 17. exf4 b6 18. Qxc4 Ba6 19. Qc2 Bd3 20. Qd2 Rad8 21. Qe3 Rf7
22. Rfd1 Rfd7 23. Nd4 Be4 24. Rdc1 Bxg2 25. Kxg2 a5 26. Rxc5 bxc5 27. Nxe6 Rd2+
28. Kf1 Qd7 29. Nxd8 Qd5 30. Bd4 Rxd4 0-1

[Event "Madrid 2023-2024ch - Previa A"]
[Site "Madrid ESP"]
[Date "2024.02.20"]
[Round "7.4"]
[White "Marin Aso, Jose Luis"]
[Black "De Vicente Guijarro, Juan"]
[Result "1-0"]
[WhiteElo "1859"]
[BlackElo "1768"]
[PlyCount "157"]
[EventDate "2024.02.05"]
[EventType "swiss"]
[EventRounds "9"]
[EventCountry "ESP"]
[SourceTitle "Ajedrez en Madrid"]
[Source "lmi"]
[SourceDate "2024.02.06"]
[SourceVersion "1"]
[SourceVersionDate "2024.03.02"]
[SourceQuality "1"]

1. c4 e5 2. Nc3 Nf6 3. Nf3 Nc6 4. g3 d5 5. cxd5 Nxd5 6. Bg2 Nb6 7. O-O Be7 8.
b3 O-O 9. Bb2 Re8 10. Rc1 Bf8 11. d3 Nd4 12. Ne4 c6 13. e3 Nxf3+ 14. Qxf3 Qxd3
15. Rfd1 Qb5 16. Ng5 f6 17. Qh5 Bf5 18. Qf7+ Kh8 19. Qxb7 fxg5 20. Bf1 Qb4 21.
Qxc6 Be4 22. Qc7 Qe7 23. Qc3 Rac8 24. Qa5 Rxc1 25. Rxc1 Ba8 26. Ba6 Qf7 27. Be2
Qb7 28. f3 e4 29. f4 gxf4 30. gxf4 Qe7 31. Qh5 Nd5 32. Be5 Rd8 33. Bc4 Nf6 34.
Qf5 Qc5 35. Qh3 Bd5 36. Rd1 Qe7 37. Bxf6 Qxf6 38. Rxd5 Qa1+ 39. Qf1 Qf6 40. Qd1
Qg6+ 41. Kf2 Re8 42. Rd8 Rxd8 43. Qxd8 Qd6 44. Qa5 Qd7 45. Qd5 Qxd5 46. Bxd5 h6
47. Bxe4 Ba3 48. Bd5 Kh7 49. e4 Kg6 50. Kf3 Kf6 51. e5+ Kf5 52. Bb7 Ke6 53. Ke4
Bc1 54. h4 Bd2 55. h5 Be1 56. Bc8+ Ke7 57. Kd5 Bg3 58. f5 Kd8 59. Ba6 Ke7 60.
Bc4 Bf4 61. b4 Bd2 62. a3 Bc1 63. a4 Bd2 64. b5 Ba5 65. Bd3 Bc3 66. Be4 Kd7 67.
Bc2 Bb4 68. f6 gxf6 69. exf6 Bc3 70. Bf5+ Ke8 71. Ke6 Kf8 72. Be4 Bd2 73. Bd5
Bc3 74. Kf5 Bd2 75. Kg6 Bc3 76. a5 Bd4 77. b6 axb6 78. axb6 Bxb6 79. Kxh6 1-0

[Event "Madrid 2023-2024ch - Previa A"]
[Site "Madrid ESP"]
[Date "2024.02.20"]
[Round "7.6"]
[White "Vazquez Gonzalez, Jesus"]
[Black "Rodriguez Del Pino, Daniel"]
[Result "1/2-1/2"]
[WhiteElo "1945"]
[BlackElo "1841"]
[PlyCount "143"]
[EventDate "2024.02.05"]
[EventType "swiss"]
[EventRounds "9"]
[EventCountry "ESP"]
[SourceTitle "Ajedrez en Madrid"]
[Source "lmi"]
[SourceDate "2024.02.06"]
[SourceVersion "1"]
[SourceVersionDate "2024.03.02"]
[SourceQuality "1"]

1. e4 c5 2. Bd3 Nc6 3. c3 d5 4. Nf3 e5 5. h3 Nf6 6. exd5 Qxd5 7. Qe2 Be7 8. Bc4
Qd6 9. d3 O-O 10. O-O Be6 11. Nbd2 Nd5 12. Ne4 Qc7 13. Neg5 Nf4 14. Bxf4 Bxc4
15. Qe4 g6 16. Bg3 h6 17. dxc4 hxg5 18. Nxe5 Nxe5 19. Qxe5 Qxe5 20. Bxe5 f6 21.
Bg3 Rfd8 22. Rad1 Kf7 23. Bc7 Rxd1 24. Rxd1 Rc8 25. Bg3 Ke6 26. Kf1 a6 27. Rd3
Rc6 28. Ke2 f5 29. f3 b5 30. cxb5 axb5 31. a3 c4 32. Rd2 Rc5 33. Bf2 Rd5 34.
Bd4 Bd6 35. Kd1 Bf4 36. Re2+ Kd7 37. Kc2 g4 38. hxg4 fxg4 39. Re4 Rf5 40. fxg4
Rf8 41. b3 Bd6 42. b4 Re8 43. Rxe8 Kxe8 44. Kd2 Bf4+ 45. Be3 Be5 46. Bd4 Bf4+
47. Ke2 Kd7 48. Kf3 Bd2 49. Ke4 Ke6 50. Be5 Be1 51. Bg7 Kd6 52. Bd4 Ke6 53. Ke3
Bh4 54. Kf4 Be7 55. Be5 Bd8 56. Ke4 Bh4 57. Bf4 Bf2 58. Be3 Bg3 59. Bd4 Bc7 60.
Ke3 Kd5 61. Kf3 Bd6 62. g5 Bc7 63. Bf6 Bd6 64. Ke3 Bc7 65. Kd2 Bf4+ 66. Kc2 Bd6
67. Kb2 Kc6 68. Kc2 Kd5 69. Kd2 Bf4+ 70. Kc2 Bc7 71. Kd1 Bf4 72. Kc2 1/2-1/2

[Event "Madrid 2023-2024ch - Previa A"]
[Site "Madrid ESP"]
[Date "2024.02.20"]
[Round "7.7"]
[White "Martin Martin, Luis Vicente"]
[Black "Arevillca Colque, Jonatan"]
[Result "1-0"]
[WhiteElo "1884"]
[BlackElo "1835"]
[PlyCount "77"]
[EventDate "2024.02.05"]
[EventType "swiss"]
[EventRounds "9"]
[EventCountry "ESP"]
[SourceTitle "Ajedrez en Madrid"]
[Source "lmi"]
[SourceDate "2024.02.06"]
[SourceVersion "1"]
[SourceVersionDate "2024.03.02"]
[SourceQuality "1"]

1. d4 d5 2. Bf4 Nf6 3. e3 e6 4. c3 Bd6 5. Nd2 O-O 6. Ngf3 b6 7. Bd3 Ba6 8. Bc2
c5 9. Ne5 Qc7 10. Bg3 Bxe5 11. Bxe5 Qe7 12. Qf3 Nc6 13. Bxf6 Qxf6 14. Qxf6 gxf6
15. f4 e5 16. Nf3 exd4 17. exd4 Rae8+ 18. Kd1 Be2+ 19. Kd2 Bxf3 20. gxf3 cxd4
21. Bb3 dxc3+ 22. bxc3 d4 23. Rhg1+ Kh8 24. Rae1 Rxe1 25. Rxe1 dxc3+ 26. Kxc3
Rc8 27. Kb2 Rc7 28. Rc1 Rc8 29. Bxf7 Kg7 30. Be6 Rc7 31. Bd5 Rd7 32. Bxc6 Rd4
33. Be4 Rd7 34. Rc6 h5 35. h4 b5 36. Kc2 b4 37. Rc5 Kh6 38. Rb5 Rg7 39. Rb7 1-0

[Event "Madrid 2023-2024ch - Previa A"]
[Site "Madrid ESP"]
[Date "2024.02.20"]
[Round "7.8"]
[White "Moreno Torrero, Javier"]
[Black "Sanchez Rodriguez, Jaime"]
[Result "0-1"]
[WhiteElo "1879"]
[BlackElo "1791"]
[PlyCount "170"]
[EventDate "2024.02.05"]
[EventType "swiss"]
[EventRounds "9"]
[EventCountry "ESP"]
[SourceTitle "Ajedrez en Madrid"]
[Source "lmi"]
[SourceDate "2024.02.06"]
[SourceVersion "1"]
[SourceVersionDate "2024.03.02"]
[SourceQuality "1"]

1. e4 d5 2. exd5 Qxd5 3. Nc3 Qd6 4. d4 Nf6 5. Nf3 c6 6. Be3 Bg4 7. h3 Bh5 8. g4
Bg6 9. Ne5 Nbd7 10. Nxg6 hxg6 11. Bg2 e6 12. Qd2 Qc7 13. a3 Nb6 14. Bf4 Bd6 15.
Bxd6 Qxd6 16. O-O-O O-O-O 17. Qe2 Qf4+ 18. Qe3 Nfd5 19. Nxd5 Nxd5 20. Bxd5
Qxe3+ 21. fxe3 exd5 22. Rdf1 f6 23. h4 Rde8 24. Kd2 Re4 25. Rf4 Rhe8 26. Rxe4
Rxe4 27. Rg1 b6 28. Ke2 Kd7 29. Kf3 c5 30. dxc5 bxc5 31. h5 g5 32. Rh1 Re7 33.
h6 gxh6 34. Rxh6 Ke6 35. Rh8 c4 36. b3 cxb3 37. cxb3 Rb7 38. b4 a5 39. Re8+ Kf7
40. Rh8 Ke6 41. Re8+ Kf7 42. Rh8 Rb5 43. e4 dxe4+ 44. Kxe4 axb4 45. axb4 Rxb4+
46. Kf3 Rf4+ 47. Kg3 Ra4 48. Rb8 Ra3+ 49. Kg2 Ke6 50. Re8+ Kd5 51. Rb8 Rd3 52.
Rb6 Ke5 53. Rb5+ Rd5 54. Rb4 Rd4 55. Rb5+ Kf4 56. Rf5+ Kxg4 57. Rxf6 Rd2+ 58.
Kf1 Kg3 59. Ra6 Rd1+ 60. Ke2 Rb1 61. Ra3+ Kg2 62. Ra4 Rb2+ 63. Ke1 Rb3 64. Ke2
Kg3 65. Rc4 g4 66. Rc8 Kh2 67. Rh8+ Rh3 68. Rg8 g3 69. Kf3 Rh7 70. Rg6 Rf7+ 71.
Ke2 Kg2 72. Re6 Rf2+ 73. Ke1 Kg1 74. Rg6 g2 75. Rg8 Rf3 76. Ke2 Ra3 77. Rh8
Ra2+ 78. Ke1 Rf2 79. Rg8 Rf3 80. Ke2 Rh3 81. Rg7 Rh6 82. Kf3 Rf6+ 83. Ke2 Rh6
84. Kf3 Rh2 85. Rg6 Kh1 0-1

[Event "Madrid 2023-2024ch - Previa A"]
[Site "Madrid ESP"]
[Date "2024.02.20"]
[Round "7.9"]
[White "Alvarez Abejon, Amilcar"]
[Black "Pashov, Spas Nikolov"]
[Result "1/2-1/2"]
[WhiteElo "1874"]
[BlackElo "1772"]
[PlyCount "83"]
[EventDate "2024.02.05"]
[EventType "swiss"]
[EventRounds "9"]
[EventCountry "ESP"]
[SourceTitle "Ajedrez en Madrid"]
[Source "lmi"]
[SourceDate "2024.02.06"]
[SourceVersion "1"]
[SourceVersionDate "2024.03.02"]
[SourceQuality "1"]

1. c4 e5 2. Nc3 Nf6 3. Nf3 Nc6 4. g3 d5 5. cxd5 Nxd5 6. Bg2 Be6 7. O-O Be7 8.
d4 exd4 9. Nb5 d3 10. Qxd3 Ncb4 11. Qd1 O-O 12. Nfd4 Bd7 13. a3 c5 14. axb4
cxd4 15. Nxd4 Nxb4 16. Bxb7 Rb8 17. Bg2 Bc5 18. Be3 Qb6 19. Rc1 Rfe8 20. Rxc5
Rxe3 21. Rc3 Re7 22. Qd2 a5 23. Rfc1 Na2 24. Nc6 Bxc6 25. Rxc6 Qd8 26. Qxd8+
Rxd8 27. Rc8 Rde8 28. R1c7 g6 29. Rxe8+ Rxe8 30. Bf3 Rb8 31. Rb7 Rxb7 32. Bxb7
Nb4 33. Kf1 Kf8 34. Ke1 Ke7 35. Kd2 Kd6 36. e4 Kc5 37. f4 f6 38. h4 Kd4 39. e5
fxe5 40. fxe5 Kxe5 41. Kc3 Nd5+ 42. Bxd5 1/2-1/2

[Event "Madrid 2023-2024ch - Previa A"]
[Site "Madrid ESP"]
[Date "2024.02.20"]
[Round "7.10"]
[White "Calderon Rojo, Borja"]
[Black "Vukotic Jovsic, Dragan"]
[Result "0-1"]
[WhiteElo "1815"]
[BlackElo "1800"]
[PlyCount "152"]
[EventDate "2024.02.05"]
[EventType "swiss"]
[EventRounds "9"]
[EventCountry "ESP"]
[SourceTitle "Ajedrez en Madrid"]
[Source "lmi"]
[SourceDate "2024.02.06"]
[SourceVersion "1"]
[SourceVersionDate "2024.03.02"]
[SourceQuality "1"]

1. e4 c5 2. Nc3 Nc6 3. Bb5 e6 4. Bxc6 bxc6 5. d3 d5 6. Nf3 Be7 7. O-O Nf6 8.
Re1 O-O 9. b3 Qc7 10. Na4 c4 11. e5 Nd7 12. dxc4 dxc4 13. Qd4 cxb3 14. cxb3 c5
15. Qg4 Kh8 16. Bg5 Bxg5 17. Nxg5 h6 18. Nf3 Nb6 19. Nc3 Bb7 20. Nb5 Qe7 21.
Nd6 Nc8 22. Nxb7 Qxb7 23. Qc4 Nb6 24. Qxc5 Rac8 25. Qb4 Rfd8 26. Rad1 Rd5 27.
h3 Rcd8 28. Rxd5 Rxd5 29. Rc1 a5 30. Qc3 Kg8 31. Qe3 Nd7 32. Re1 Qb5 33. Qc3
Rc5 34. Qd2 Nxe5 35. Nxe5 Rxe5 36. Qd8+ Kh7 37. Rf1 Re2 38. Qd1 Qe5 39. Qb1+ g6
40. Qa1 Qb2 41. Qxb2 Rxb2 42. Ra1 Kg7 43. f3 Kf6 44. Kh2 h5 45. h4 Kf5 46. Kh3
e5 47. g4+ Kf4 48. gxh5 gxh5 49. Re1 Rxa2 50. Re4+ Kf5 51. Kg3 Ra3 52. Rc4 Rxb3
53. Ra4 Rb5 54. Kg2 Rb4 55. Rxa5 Rxh4 56. Kg3 Rf4 57. Ra7 h4+ 58. Kg2 Kg5 59.
Ra8 h3+ 60. Kg3 Rf6 61. Rg8+ Rg6 62. Rf8 Rh6 63. Kh2 f6 64. Rg8+ Kf4 65. Rg3
Rh4 66. Rg1 Ke3 67. Kg3 Rh8 68. Re1+ Kd2 69. Rf1 h2 70. Rh1 Ke2 71. Kg2 Rg8+
72. Kh3 Kf2 73. f4 Rh8+ 74. Kg4 e4 75. f5 e3 76. Kf4 Rh4# 0-1

[Event "Madrid 2023-2024ch - Previa A"]
[Site "Madrid ESP"]
[Date "2024.02.20"]
[Round "7.11"]
[White "Toledo Aguirre, Gonzalo"]
[Black "Diaz Begonte, Manuel"]
[Result "1-0"]
[WhiteElo "1824"]
[BlackElo "1509"]
[PlyCount "100"]
[EventDate "2024.02.05"]
[EventType "swiss"]
[EventRounds "9"]
[EventCountry "ESP"]
[SourceTitle "Ajedrez en Madrid"]
[Source "lmi"]
[SourceDate "2024.02.06"]
[SourceVersion "1"]
[SourceVersionDate "2024.03.02"]
[SourceQuality "1"]

1. d4 d5 2. c4 c6 3. Nc3 g6 4. cxd5 cxd5 5. Bf4 Bg7 6. Nf3 Nf6 7. e3 O-O 8. Bd3
a6 9. O-O Nc6 10. h3 e6 11. Rc1 Nd7 12. Bg5 f6 13. Bh4 Nb6 14. Qe2 Bd7 15. Rfd1
Ne7 16. Bg3 Rc8 17. b3 Nf5 18. Bh2 Qe7 19. g4 Nd6 20. a4 e5 21. a5 Na8 22. Nxd5
Qe6 23. e4 Nb5 24. Qd2 h5 25. Ne3 exd4 26. Bc4 Rxc4 27. Nxc4 hxg4 28. Nxd4 Qxe4
29. Qf4 Qxf4 30. Bxf4 gxh3 31. Kh2 g5 32. Nxb5 Bxb5 33. Bd6 Re8 34. Kxh3 Kf7
35. Ne3 Kg6 36. Re1 f5 37. f4 g4+ 38. Kg3 Bc6 39. Nc4 Rh8 40. Re6+ Kf7 41. Re7+
Kf6 42. Ne5 Rh3+ 43. Kf2 Bh6 44. Rf7+ Ke6 45. Rd1 g3+ 46. Ke3 g2+ 47. Kf2 Bxf4
48. Re7+ Kf6 49. Nxc6 Bxd6 50. Rxd6+ Kg5 1-0

[Event "Madrid 2023-2024ch - Previa A"]
[Site "Madrid ESP"]
[Date "2024.02.20"]
[Round "7.12"]
[White "Sanchez Liso, Juan A"]
[Black "Fernandez Garcia, Ignacio"]
[Result "1-0"]
[WhiteElo "1507"]
[BlackElo "1795"]
[PlyCount "87"]
[EventDate "2024.02.05"]
[EventType "swiss"]
[EventRounds "9"]
[EventCountry "ESP"]
[SourceTitle "Ajedrez en Madrid"]
[Source "lmi"]
[SourceDate "2024.02.06"]
[SourceVersion "1"]
[SourceVersionDate "2024.03.02"]
[SourceQuality "1"]

1. d4 Nf6 2. Bf4 c5 3. e3 cxd4 4. exd4 Qb6 5. Nc3 a6 6. Na4 Qa5+ 7. c3 d6 8. b4
Qd8 9. Bd3 b5 10. Qf3 Ra7 11. Nb2 Bb7 12. Qh3 Nbd7 13. Ne2 Qc7 14. O-O e5 15.
Be3 e4 16. Bc2 d5 17. a4 Bc8 18. Bf4 Bd6 19. Qg3 Bxf4 20. Qxf4 Qxf4 21. Nxf4
Rc7 22. Ne2 O-O 23. axb5 axb5 24. Ra5 Nb8 25. Bb3 Nc6 26. Ra3 Ne7 27. Rfa1 Bg4
28. Bd1 Nf5 29. h3 Bxe2 30. Bxe2 Nxd4 31. cxd4 Rc2 32. Bxb5 Rxb2 33. Ra8 g6 34.
Rxf8+ Kxf8 35. Ra4 Rd2 36. Ra8+ Kg7 37. Bc6 Rxd4 38. b5 Rd1+ 39. Kh2 d4 40. b6
Rb1 41. b7 e3 42. fxe3 Nd7 43. exd4 Kf6 44. Rd8 1-0

[Event "Madrid 2023-2024ch - Previa A"]
[Site "Madrid ESP"]
[Date "2024.02.20"]
[Round "7.13"]
[White "Urosa Sanchez, Pablo"]
[Black "Cujba, Anca-Claudia"]
[Result "1-0"]
[WhiteElo "1502"]
[BlackElo "1633"]
[PlyCount "80"]
[EventDate "2024.02.05"]
[EventType "swiss"]
[EventRounds "9"]
[EventCountry "ESP"]
[SourceTitle "Ajedrez en Madrid"]
[Source "lmi"]
[SourceDate "2024.02.06"]
[SourceVersion "1"]
[SourceVersionDate "2024.03.02"]
[SourceQuality "1"]

1. e4 g6 2. d4 Bg7 3. Nc3 d6 4. Be3 c6 5. Qd2 Nf6 6. f3 b5 7. a3 O-O 8. Bh6
Bxh6 9. Qxh6 Qb6 10. Rd1 b4 11. axb4 Qxb4 12. Qc1 Nbd7 13. Rd2 Rb8 14. Nd1 c5
15. Ne2 Ba6 16. c3 Qb6 17. Nf4 Bxf1 18. Rxf1 cxd4 19. Rxd4 e5 20. Nd5 Nxd5 21.
Rxd5 Nf6 22. Rd3 Rfe8 23. Rf2 d5 24. Qe3 Qb5 25. h3 Rbd8 26. Rfd2 Kg7 27. Kf2
d4 28. cxd4 exd4 29. Rxd4 Rc8 30. Nc3 Qh5 31. Rd6 Qa5 32. Nd5 Nxd5 33. R6xd5
Qa1 34. Rd7 a5 35. Qd4+ Kg8 36. Qf6 Rf8 37. Rd1 Rc2+ 38. R1d2 Rxd2+ 39. Rxd2
Qc1 40. Rd8 Qc2+ 1-0

[Event "Madrid 2023-2024ch - Previa A"]
[Site "Madrid ESP"]
[Date "2024.02.20"]
[Round "7.14"]
[White "Cabanas Bravo, Juan Andres"]
[Black "Perez Hernandez, Alfonso"]
[Result "1-0"]
[WhiteElo "1906"]
[BlackElo "1658"]
[PlyCount "57"]
[EventDate "2024.02.05"]
[EventType "swiss"]
[EventRounds "9"]
[EventCountry "ESP"]
[SourceTitle "Ajedrez en Madrid"]
[Source "lmi"]
[SourceDate "2024.02.06"]
[SourceVersion "1"]
[SourceVersionDate "2024.03.02"]
[SourceQuality "1"]

1. e4 c5 2. Nf3 Nc6 3. d4 cxd4 4. Nxd4 Nf6 5. Nc3 e5 6. Ndb5 d6 7. Bg5 a6 8.
Na3 b5 9. Nd5 Qa5+ 10. Bd2 Qd8 11. Bd3 Be6 12. c4 bxc4 13. Nxc4 Rb8 14. Bg5 Be7
15. Bxf6 gxf6 16. Qa4 Bd7 17. Qxa6 O-O 18. O-O Kh8 19. Rfd1 Nb4 20. Nxb4 Rxb4
21. b3 Rb8 22. Be2 Bb5 23. Qa7 f5 24. exf5 d5 25. Bh5 Bf6 26. Bxf7 Bc6 27. Be6
d4 28. Qc5 Ba8 29. Nxe5 1-0

[Event "Madrid 2023-2024ch - Previa A"]
[Site "Madrid ESP"]
[Date "2024.02.20"]
[Round "7.15"]
[White "Martin-Consuegra Barrilero, Javi"]
[Black "Ramirez Bulnes, Joaquin"]
[Result "1-0"]
[WhiteElo "1673"]
[BlackElo "1806"]
[PlyCount "47"]
[EventDate "2024.02.05"]
[EventType "swiss"]
[EventRounds "9"]
[EventCountry "ESP"]
[SourceTitle "Ajedrez en Madrid"]
[Source "lmi"]
[SourceDate "2024.02.06"]
[SourceVersion "1"]
[SourceVersionDate "2024.03.02"]
[SourceQuality "1"]

1. d4 d5 2. Bf4 Nf6 3. e3 g6 4. h3 e6 5. Nf3 Nh5 6. Be5 f6 7. Bh2 Bd6 8. Bxd6
Qxd6 9. a3 O-O 10. c4 Qb6 11. Qd2 c6 12. Nc3 Qc7 13. cxd5 exd5 14. Rc1 Qd6 15.
Be2 b6 16. O-O Ba6 17. Bxa6 Nxa6 18. Qd3 Nc7 19. Rfd1 Rae8 20. Rc2 Rc8 21. Rdc1
Ne6 22. b4 Rfd8 23. Qa6 Rd7 24. Qxc8+ 1-0

[Event "Madrid 2023-2024ch - Previa A"]
[Site "Madrid ESP"]
[Date "2024.02.20"]
[Round "7.16"]
[White "Sanchez Arriola, Ignacio"]
[Black "Garcia Galeote, Lorenzo"]
[Result "1/2-1/2"]
[WhiteElo "1626"]
[BlackElo "1801"]
[PlyCount "76"]
[EventDate "2024.02.05"]
[EventType "swiss"]
[EventRounds "9"]
[EventCountry "ESP"]
[SourceTitle "Ajedrez en Madrid"]
[Source "lmi"]
[SourceDate "2024.02.06"]
[SourceVersion "1"]
[SourceVersionDate "2024.03.02"]
[SourceQuality "1"]

1. d4 g6 2. Nf3 Bg7 3. c4 d6 4. Nc3 Nc6 5. e3 e5 6. dxe5 Nxe5 7. Be2 Ne7 8. Qc2
N7c6 9. Nd5 O-O 10. Bd2 Bf5 11. Qb3 Rb8 12. Rd1 Be4 13. Nxe5 Bxe5 14. Bf3 Bxf3
15. gxf3 Bg7 16. Bc3 Ne5 17. Ke2 c6 18. Nb4 Qd7 19. Nd3 Qe6 20. Nxe5 Bxe5 21.
Bxe5 Qxe5 22. Rd4 b5 23. cxb5 Rxb5 24. Qa3 c5 25. Rd2 Rfb8 26. b3 a5 27. f4
Qh5+ 28. f3 R8b6 29. Qa4 d5 30. Kf2 Qf5 31. Rhd1 d4 32. exd4 Qxf4 33. dxc5
Qxh2+ 34. Kf1 Qh3+ 35. Kf2 Qh2+ 36. Kf1 Qh3+ 37. Kf2 Qh2+ 38. Kf1 Qh3+ 1/2-1/2

[Event "Madrid 2023-2024ch - Previa A"]
[Site "Madrid ESP"]
[Date "2024.02.20"]
[Round "7.17"]
[White "Guardiola Sevilla, Antonio"]
[Black "Iribarren Galarza, Aritz"]
[Result "1-0"]
[WhiteElo "1607"]
[BlackElo "1777"]
[PlyCount "117"]
[EventDate "2024.02.05"]
[EventType "swiss"]
[EventRounds "9"]
[EventCountry "ESP"]
[SourceTitle "Ajedrez en Madrid"]
[Source "lmi"]
[SourceDate "2024.02.06"]
[SourceVersion "1"]
[SourceVersionDate "2024.03.02"]
[SourceQuality "1"]

1. e4 c6 2. d4 d5 3. Nd2 dxe4 4. Nxe4 Nf6 5. Ng3 g6 6. c3 Bg7 7. Bd3 O-O 8. Nf3
Nbd7 9. O-O c5 10. Qe2 cxd4 11. Nxd4 e5 12. Nb3 Re8 13. Bg5 Nf8 14. Rad1 Qb6
15. Be3 Qc7 16. h3 N6d7 17. Qd2 f5 18. Bh6 Nf6 19. Bxg7 Kxg7 20. Rfe1 b6 21.
Bb5 Re7 22. Qd6 Qxd6 23. Rxd6 Bb7 24. Red1 e4 25. Bc6 Bxc6 26. Rxc6 f4 27. Nf1
Rae8 28. Nd4 Rd8 29. Re1 Kh6 30. Rc4 Nd5 31. Nc6 Rc8 32. Nxe7 Rxc4 33. Nxd5 Ne6
34. b3 Rc5 35. c4 b5 36. Rxe4 Ng5 37. Rxf4 bxc4 38. bxc4 Ra5 39. Nde3 Rxa2 40.
c5 Ne6 41. Rc4 Nc7 42. Nd1 Kg7 43. Nc3 Rc2 44. Ne3 Rc1+ 45. Kh2 a5 46. Na4 Rb1
47. Re4 Kf8 48. f3 Rb3 49. Nc4 Rb4 50. Nxa5 Rxe4 51. fxe4 Ke7 52. Kg3 Kf6 53.
Nc4 g5 54. Kf3 h5 55. Nab6 Ke6 56. Nd5 Nxd5 57. exd5+ Kxd5 58. c6 Kxc6 59. Ne5+
1-0

[Event "Madrid 2023-2024ch - Previa A"]
[Site "Madrid ESP"]
[Date "2024.02.20"]
[Round "7.18"]
[White "Camarero Izquierdo, Juan Carlos"]
[Black "Fernandez Rios, Jose Francisco"]
[Result "1-0"]
[WhiteElo "1725"]
[BlackElo "1622"]
[PlyCount "57"]
[EventDate "2024.02.05"]
[EventType "swiss"]
[EventRounds "9"]
[EventCountry "ESP"]
[SourceTitle "Ajedrez en Madrid"]
[Source "lmi"]
[SourceDate "2024.02.06"]
[SourceVersion "1"]
[SourceVersionDate "2024.03.02"]
[SourceQuality "1"]

1. e4 c5 2. Nf3 g6 3. Bc4 Bg7 4. O-O Nc6 5. d3 e6 6. Nc3 Nge7 7. Bg5 O-O 8. Qd2
a6 9. a4 b6 10. Bh6 d5 11. Bxg7 Kxg7 12. Ba2 d4 13. Ne2 Qd6 14. Nh4 e5 15. f4
f5 16. fxe5 Qxe5 17. Nf3 Qd6 18. Ng3 Ne5 19. exf5 Nxf3+ 20. Rxf3 Nxf5 21. Raf1
Bd7 22. Ne4 Qe7 23. a5 bxa5 24. Qxa5 Ne3 25. Rf7+ Kh8 26. Qc7 Rxf7 27. Rxf7 Rf8
28. Rxf8+ Qxf8 29. Qe5+ 1-0

[Event "Madrid 2023-2024ch - Previa A"]
[Site "Madrid ESP"]
[Date "2024.02.20"]
[Round "7.19"]
[White "Ramos Antona, Enrique"]
[Black "Barahona Torrijos, Angel"]
[Result "1/2-1/2"]
[WhiteElo "1548"]
[BlackElo "1717"]
[PlyCount "118"]
[EventDate "2024.02.05"]
[EventType "swiss"]
[EventRounds "9"]
[EventCountry "ESP"]
[SourceTitle "Ajedrez en Madrid"]
[Source "lmi"]
[SourceDate "2024.02.06"]
[SourceVersion "1"]
[SourceVersionDate "2024.03.02"]
[SourceQuality "1"]

1. Nf3 Nf6 2. g3 d5 3. Bg2 c5 4. d4 Nc6 5. O-O cxd4 6. Nxd4 e5 7. Nb3 Be6 8.
Bg5 Be7 9. N1d2 Rc8 10. c3 Ng4 11. Bxe7 Nxe7 12. h3 Nf6 13. e4 Qd7 14. Kh2 dxe4
15. Nxe4 Nxe4 16. Qxd7+ Bxd7 17. Bxe4 Bc6 18. Rfe1 O-O 19. Nd2 Rfd8 20. Rad1
Rd6 21. Bxc6 Nxc6 22. Nf3 Rxd1 23. Rxd1 f6 24. Rd7 b6 25. Kg2 Rd8 26. Rc7 Rd6
27. Kf1 a5 28. Ke2 Kf8 29. Nd2 b5 30. Ne4 Re6 31. Nc5 Rd6 32. Nb7 Re6 33. Rc8+
Kf7 34. Nd8+ Nxd8 35. Rxd8 Rb6 36. b3 a4 37. Rd7+ Kg6 38. Ra7 axb3 39. axb3 f5
40. Rc7 Kf6 41. c4 bxc4 42. bxc4 h6 43. c5 Rb2+ 44. Kf1 Rc2 45. c6 Ke6 46. Rxg7
Rxc6 47. Rg6+ Kd5 48. Rxc6 Kxc6 49. Ke2 Kd5 50. Ke3 Ke6 51. f3 h5 52. g4 Kf6
53. gxf5 Kxf5 54. h4 Ke6 55. Ke4 Kf6 56. f4 exf4 57. Kxf4 Kg6 58. Ke5 Kh6 59.
Kf6 Kh7 1/2-1/2

[Event "Madrid 2023-2024ch - Previa A"]
[Site "Madrid ESP"]
[Date "2024.02.20"]
[Round "7.20"]
[White "Balsera Gomez, Antonio"]
[Black "Diaz Ramirez, Jaime"]
[Result "0-1"]
[WhiteElo "1711"]
[BlackElo "1548"]
[PlyCount "114"]
[EventDate "2024.02.05"]
[EventType "swiss"]
[EventRounds "9"]
[EventCountry "ESP"]
[SourceTitle "Ajedrez en Madrid"]
[Source "lmi"]
[SourceDate "2024.02.06"]
[SourceVersion "1"]
[SourceVersionDate "2024.03.02"]
[SourceQuality "1"]

1. e4 e5 2. Nf3 Nc6 3. Nc3 Bc5 4. Nxe5 Nxe5 5. d4 Bd6 6. dxe5 Bxe5 7. Bd3 h6 8.
f4 Qh4+ 9. g3 Bxc3+ 10. bxc3 Qh3 11. Qf3 d6 12. Bf1 Bg4 13. Qe3 Qh5 14. h3 Ne7
15. Bg2 Bd7 16. f5 f6 17. O-O O-O 18. c4 Rfe8 19. c5 Nxf5 20. Qd3 Ne7 21. cxd6
cxd6 22. g4 Qc5+ 23. Be3 Bb5 24. Qd2 Qc4 25. Rf2 Qe6 26. e5 dxe5 27. Bxb7 Rad8
28. Qa5 a6 29. a4 Bc4 30. Be4 Bd5 31. Rd2 Rd7 32. Rad1 Red8 33. Bb6 Nc6 34.
Bxd5 Rxd5 35. Rxd5 Nxa5 36. Rxd8+ Kh7 37. Bxa5 e4 38. Be1 Qc4 39. a5 Qxc2 40.
Bf2 Qe2 41. Re1 Qf3 42. Re3 Qf4 43. Re8 f5 44. gxf5 Qxf5 45. Be1 Qg6+ 46. Rg3
Qxe8 47. Bc3 g5 48. h4 Qc6 49. hxg5 hxg5 50. Bd2 Qc5+ 51. Kf1 Qf5+ 52. Ke2 g4
53. Ke3 Kg6 54. Bc3 Kh5 55. Be1 Qe5 56. Rg2 Kg5 57. Rg1 Qc5+ 0-1

[Event "Madrid 2023-2024ch - Previa A"]
[Site "Madrid ESP"]
[Date "2024.02.20"]
[Round "7.21"]
[White "Peiro Guevara, Hector"]
[Black "Laveda Ayllon, Jose David"]
[Result "0-1"]
[WhiteElo "1460"]
[BlackElo "1703"]
[PlyCount "112"]
[EventDate "2024.02.05"]
[EventType "swiss"]
[EventRounds "9"]
[EventCountry "ESP"]
[SourceTitle "Ajedrez en Madrid"]
[Source "lmi"]
[SourceDate "2024.02.06"]
[SourceVersion "1"]
[SourceVersionDate "2024.03.02"]
[SourceQuality "1"]

1. d4 d5 2. Bf4 Nf6 3. Nf3 e6 4. e3 Bd6 5. Bxd6 Qxd6 6. c3 O-O 7. Bd3 b6 8. Qe2
a5 9. Nbd2 Ba6 10. Bxa6 Nxa6 11. Ne5 Nd7 12. f4 f6 13. Nxd7 Qxd7 14. Nf3 c5 15.
O-O c4 16. g4 b5 17. Rfe1 b4 18. e4 Nc7 19. Nh4 Rfe8 20. Qf3 Rab8 21. Re2 Nb5
22. Rf1 bxc3 23. bxc3 Nc7 24. Rg2 g5 25. fxg5 fxg5 26. Nf5 exf5 27. gxf5 Qf7
28. Rxg5+ Kh8 29. e5 Rg8 30. h4 h6 31. Rxg8+ Rxg8+ 32. Kh1 Qg7 33. e6 Qg3 34.
Qxg3 Rxg3 35. f6 Kg8 36. Rb1 Nxe6 37. Re1 Kf7 38. Re5 Rxc3 39. Rxd5 Ra3 40.
Rd7+ Kxf6 41. d5 Nf8 42. Rc7 Ra4 43. Rc6+ Kg7 44. d6 Rxa2 45. Rxc4 Rd2 46. Rg4+
Kf7 47. Ra4 Rd5 48. Kg2 Nd7 49. Rf4+ Ke6 50. Kg3 h5 51. Re4+ Kxd6 52. Kf4 Kc5
53. Re6 Kb4 54. Rg6 a4 55. Rg5 Rxg5 56. hxg5 Nf8 0-1